1736 1306 1860 1955 1405 1312 1541 1541 1935 1178 1898 1740 1473 1092 1118 1330 1807 1390 1415 1414 1815 1765 1345 1551 1621 1656 1391 1300 1887 1611 1988 1860 1578 1461 1594 1814 1602 1764 1884 1226 1043 1022 1278 1298 1715 1169 1851 1497 1279 1421 1834 1281 1815 1382 1360 1203 1490 1839 1548 1933 1047 1966 1131 1326 1422 1283 1983 1691 1611 1495 1681 1376 1924 1939 1353 1735 1974 1298 1163 1516 1371 1841 1365 1151 1605 1948 1345 1457 1538 1740 1267 1291 1174 1346 1212 1923 1661 1938 1295 BCNSPRNW ULIB Ver.6.0+V

เปลี่ยนเป็นภาษาไทย

Change to English
 แสดงรายละเอียดบรรณานุกรม
  กลับหน้าหลัก

Brief Record : Get Marc (ISO 2709) : E-mail record : QR code < ปิดหน้าต่าง
LEADER : 00000nam 2200000uu 4500
001    13399113617
003     ULIB
008    111124s2553||||th 000 0 tha d
020    ^a9786167077017
090    ^aนว.^bอ429พ 2553
100 0  ^aอลินน์
245 00 ^aพรางภพเจาะเวลาหาหัวใจ/^cอลินน์
250    ^aพิมพ์ครั้งที่ 1
260    ^aกรุงเทพฯ :^bสาริน,^c2553
300    ^a313 หน้า
710 1  ^aสาริน
945    ^p229^l0^i17078
995    ^aทศพร
999    ^aใช้งานได้ทุกระบบ
รายการนี้ยังไม่มีแท็ก
คุณยังไม่ได้ล็อกอิน คุณสามารถมีกิจกรรมร่วมกับเว็บไซต์ได้ แต่ต้องล็อกอินก่อน ::
  ล็อกอิน

รายการสื่อสารสนเทศ

ลำดับที่ ประเภท เลขเรียก/บาร์โค้ด สถานที่ สถานะ
1. นวนิยาย
นวนิยาย
นว. อ429พ 2553 ฉ.1 
  Barcode: 17078
ห้องสมุดวิทยาเขตสวรรค์ประชารักษ์
►นวนิยาย
บนชั้น
  ขอยืม

รายการใกล้เคียง
    ผู้แต่ง [อลินน์]

BibComment


ยังไม่เคยถูกคอมเมนท์

คอมเมนท์ทรัพยากรรายการนี้
  คอมเมนท์: พรางภพเจาะเวลาหา..


 Copyright 2026. Bcnsprnw @Library